[Event "LK jeugd t/m 20 jaar"]
[Site "Buggenum"]
[Date "2007.12.27"]
[Round "2"]
[White "Van Vliembergen, Marina"]
[Black "De la Fonteijne, Frederik"]
[Result "1-0"]
[WhiteElo "1749"]
[BlackElo "1346"]
[PlyCount "77"]
[EventDate "2007.12.27"]
[EventType "swiss"]
[EventRounds "7"]
[EventCountry "NED"]
[Source "P.Boonen"]
[SourceDate "2015.01.01"]

1. e4 e6 2. d4 d5 3. e5 c5 4. Nf3 a6 5. Nc3 Nc6 6. Be3 Qb6 7. Na4 Qa5+ 8. c3 c4
9. b4 Qc7 10. Be2 Bd7 11. O-O a5 12. a3 axb4 13. axb4 Nge7 14. Qd2 Nxd4 15. Nb6
Rxa1 16. Rxa1 Qxb6 17. Bxd4 Qc7 18. Bc5 Ng6 19. Bd4 Be7 20. Ra8+ Bc8 21. Bd1 b5
22. Qe3 O-O 23. Bb6 Qb7 24. Ra7 Qb8 25. Bc7 d4 26. Qxd4 Rd8 27. Bxb8 Rxd4 28.
Nxd4 f6 29. exf6 Bxf6 30. Nxb5 e5 31. Be2 Be6 32. Nd6 Nf4 33. Bxc4 Bxc4 34.
Nxc4 Ne2+ 35. Kf1 Nxc3 36. Bxe5 Nb5 37. Rb7 Na3 38. Bxf6 Nxc4 39. Rxg7+ 1-0

[Event "LK jeugd t/m 20 jaar"]
[Site "Buggenum"]
[Date "2007.12.27"]
[Round "2"]
[White "Van Vliembergen, Roland"]
[Black "Bachaus, Sander"]
[Result "1/2-1/2"]
[WhiteElo "1729"]
[BlackElo "1693"]
[PlyCount "59"]
[EventDate "2007.12.27"]
[EventType "swiss"]
[EventRounds "7"]
[EventCountry "NED"]
[Source "P.Boonen"]
[SourceDate "2015.01.01"]

1. e4 c5 2. Nc3 g6 3. f4 Bg7 4. Nf3 e6 5. Bc4 Nc6 6. O-O Nge7 7. d3 O-O 8. Qe1
d5 9. Bb3 a6 10. a4 Rb8 11. g4 b5 12. axb5 axb5 13. Qg3 b4 14. Ne2 f5 15. gxf5
gxf5 16. e5 Qe8 17. Qf2 d4 18. Bd2 Ng6 19. Qg2 Bd7 20. Ra8 Rxa8 21. Ng5 Nd8 22.
Ra1 Bc6 23. Qh3 h6 24. Nf3 Qf7 25. Bc4 Ne7 26. Nc1 Nd5 27. Nb3 Nb7 28. Ra7 Qe8
29. Qg3 Rf7 30. Ra1 1/2-1/2

[Event "LK jeugd t/m 20 jaar"]
[Site "Buggenum"]
[Date "2007.12.28"]
[Round "3"]
[White "Bachaus, Sander"]
[Black "Faassen, Guido"]
[Result "1/2-1/2"]
[WhiteElo "1693"]
[BlackElo "1656"]
[PlyCount "42"]
[EventDate "2007.12.27"]
[EventType "swiss"]
[EventRounds "7"]
[EventCountry "NED"]
[Source "P.Boonen"]
[SourceDate "2015.01.01"]

1. Nf3 d5 2. g3 c5 3. Bg2 Nc6 4. O-O e5 5. d3 f6 6. Nbd2 g5 7. e4 d4 8. Ne1 h5
9. f4 Bg4 10. Ndf3 gxf4 11. gxf4 Qd7 12. f5 Qg7 13. Kh1 h4 14. h3 Qh7 15. Rg1
Bh5 16. Bf1 Bh6 17. Be2 Bxc1 18. Rxc1 Nh6 19. Nh2 Bxe2 20. Qxe2 Nf7 21. Ng4 Ke7
1/2-1/2

[Event "LK jeugd t/m 20 jaar"]
[Site "Buggenum"]
[Date "2007.12.28"]
[Round "3"]
[White "Clevers, Egbert"]
[Black "Belle, Prahlada"]
[Result "1/2-1/2"]
[WhiteElo "1946"]
[BlackElo "1848"]
[PlyCount "155"]
[EventDate "2007.12.27"]
[EventType "swiss"]
[EventRounds "7"]
[EventCountry "NED"]
[Source "P.Boonen"]
[SourceDate "2015.01.01"]

1. Nf3 Nf6 2. Nc3 d5 3. e3 Bg4 4. b3 e5 5. h3 Bxf3 6. Qxf3 c6 7. Bb2 Bd6 8. a4
Qe7 9. e4 d4 10. Ne2 Nbd7 11. Ng3 g6 12. Bc4 h5 13. h4 a6 14. Bc1 Rc8 15. Bf1
Nc5 16. d3 Ne6 17. Bd2 Ng4 18. Qd1 Nf4 19. Ne2 Ne6 20. Qc1 Bc5 21. Ng1 Qf6 22.
Nf3 Bd6 23. Qd1 Qe7 24. Ng5 f5 25. g3 Rf8 26. exf5 gxf5 27. Bh3 Kd7 28. Qe2
Nxg5 29. Bxg5 Bb4+ 30. Kf1 Qc5 31. Kg2 Kc7 32. Rac1 Rce8 33. Bxg4 fxg4 34. Rhf1
Qd5+ 35. Qe4 Qxe4+ 36. dxe4 Rf3 37. Rcd1 Ref8 38. Rd3 Rxd3 39. cxd3 Rf3 40. Rd1
Kd7 41. Kf1 Bc3 42. Ke2 Kd6 43. Rc1 Rf7 44. Rf1 Rf3 45. Rc1 Ba5 46. Rc2 Bc7 47.
Rc1 Kd7 48. Bd2 b6 49. Bb4 Bd6 50. Bd2 Kc7 51. b4 Kb7 52. Rc2 b5 53. axb5 axb5
54. Ra2 Rf7 55. Ra5 Rf8 56. Ra1 Kb6 57. Rf1 Rf3 58. Rc1 Rf7 59. Rf1 c5 60.
bxc5+ Bxc5 61. f3 gxf3+ 62. Rxf3 Rxf3 63. Kxf3 Ba3 64. g4 hxg4+ 65. Kxg4 b4 66.
Bxb4 Bxb4 67. Kf5 Bf8 68. Kxe5 Kc5 69. h5 Bh6 70. Kf6 Kd6 71. Kg6 Bf4 72. h6
Be5 73. Kf7 Kc5 74. h7 Kb4 75. Kg8 Kc3 76. h8=Q Bxh8 77. Kxh8 Kxd3 78. e5
1/2-1/2

[Event "LK jeugd t/m 20 jaar"]
[Site "Buggenum"]
[Date "2007.12.28"]
[Round "3"]
[White "Van Vliembergen, Marina"]
[Black "Van Vliembergen, Roland"]
[Result "0-1"]
[WhiteElo "1749"]
[BlackElo "1729"]
[PlyCount "70"]
[EventDate "2007.12.27"]
[EventType "swiss"]
[EventRounds "7"]
[EventCountry "NED"]
[Source "P.Boonen"]
[SourceDate "2015.01.01"]

1. e4 e6 2. d4 d5 3. exd5 exd5 4. Nf3 Bd6 5. Nc3 c6 6. Bd3 Bg4 7. h3 Bh5 8. Bg5
f6 9. Qe2+ Ne7 10. Be3 O-O 11. g4 Bg6 12. h4 Bxd3 13. Qxd3 Ng6 14. O-O-O Nd7
15. h5 Ne7 16. Nh4 Qc7 17. Nf5 Kf7 18. Nxd6+ Qxd6 19. Qxh7 f5 20. h6 Rg8 21.
gxf5 Nf6 22. Qxg8+ Rxg8 23. hxg7 Rxg7 24. Bh6 Rg2 25. f4 Nxf5 26. Bg5 b5 27.
Rd3 a5 28. Nd1 Ne4 29. Rf1 Kg6 30. Ne3 Nxe3 31. Rxe3 Nxg5 32. fxg5 Kxg5 33.
Re5+ Kg4 34. Ref5 Qh6+ 35. Kb1 Qd2 0-1

[Event "LK jeugd t/m 20 jaar"]
[Site "Buggenum"]
[Date "2007.12.28"]
[Round "3"]
[White "Vossen, Martijn"]
[Black "Nabuurs, Mart"]
[Result "0-1"]
[WhiteElo "1571"]
[BlackElo "2132"]
[PlyCount "62"]
[EventDate "2007.12.27"]
[EventType "swiss"]
[EventRounds "7"]
[EventCountry "NED"]
[Source "P.Boonen"]
[SourceDate "2015.01.01"]

1. e4 d5 2. exd5 Qxd5 3. Nc3 Qa5 4. d3 Nf6 5. Be2 Nc6 6. Bf4 e5 7. Bd2 Bd7 8.
a3 Nd4 9. Nf3 Nxf3+ 10. Bxf3 c6 11. Qe2 Qc7 12. d4 O-O-O 13. dxe5 Re8 14. O-O-O
Rxe5 15. Bf4 Rxe2 16. Bxc7 Re6 17. Bg3 Be7 18. Rhe1 Rd8 19. Rxe6 Bxe6 20. Rxd8+
Kxd8 21. Ne4 Nd5 22. Be2 f5 23. Nd6 f4 24. Nxb7+ Kc7 25. Nc5 Bxc5 26. Bh4 Be7
27. Bxe7 Nxe7 28. Kd2 Kd6 29. f3 Nd5 30. c4 Ne3 31. g4 Bxc4 0-1

[Event "LK jeugd t/m 20 jaar"]
[Site "Buggenum"]
[Date "2007.12.28"]
[Round "4"]
[White "Belle, Prahlada"]
[Black "Van Vliembergen, Roland"]
[Result "0-1"]
[WhiteElo "1848"]
[BlackElo "1729"]
[PlyCount "142"]
[EventDate "2007.12.27"]
[EventType "swiss"]
[EventRounds "7"]
[EventCountry "NED"]
[Source "P.Boonen"]
[SourceDate "2015.01.01"]

1. b3 d5 2. Bb2 Bf5 3. d3 Nd7 4. Nf3 Ngf6 5. Nbd2 e6 6. g3 Bc5 7. Bg2 a6 8. O-O
O-O 9. Nh4 Bg6 10. Kh1 c6 11. h3 e5 12. Nxg6 fxg6 13. e3 Qc7 14. Qe2 Rae8 15.
e4 d4 16. Bc1 Bb4 17. a3 Bxd2 18. Bxd2 Rf7 19. Kh2 Ref8 20. f3 Ne8 21. Rf2 Nd6
22. Raf1 b6 23. f4 c5 24. fxe5 Nxe5 25. Rf4 Rf6 26. Kg1 Qe7 27. h4 h6 28. Rxf6
Rxf6 29. Rxf6 Qxf6 30. Bf4 Ndf7 31. Bh3 Qc6 32. Qf2 Qe8 33. g4 g5 34. hxg5 Nxg5
35. Bxg5 hxg5 36. Qf5 Nf7 37. Qg6 Qb8 38. Kg2 Qd8 39. Qe6 Kf8 40. Qf5 a5 41.
Kg1 Qc7 42. Bg2 Kg8 43. Qe6 Qd6 44. Qxd6 Nxd6 45. e5 Nf7 46. Bd5 Kf8 47. e6 Ne5
48. Kf2 Nxg4+ 49. Ke2 Ne3 50. c4 Ng4 51. Kf3 Nf6 52. a4 Ke7 53. Kg3 g6 54. Kf3
Nh7 55. Ke4 Kf6 56. Kf3 Nf8 57. Kg4 Nxe6 58. Be4 Nf4 59. Kf3 Kg7 60. Kf2 Kh6
61. Kf3 Kh5 62. Kf2 Kh4 63. Kf3 Kh3 64. Kf2 g4 65. Kf1 g3 66. Kg1 g5 67. Bf5+
g4 68. Be4 Ne2+ 69. Kf1 Nc1 70. Kg1 Nxb3 71. Bg2+ Kh4 0-1

[Event "LK jeugd t/m 20 jaar"]
[Site "Buggenum"]
[Date "2007.12.28"]
[Round "4"]
[White "De la Fonteijne, Frederik"]
[Black "Bachaus, Sander"]
[Result "0-1"]
[WhiteElo "1346"]
[BlackElo "1693"]
[PlyCount "98"]
[EventDate "2007.12.27"]
[EventType "swiss"]
[EventRounds "7"]
[EventCountry "NED"]
[Source "P.Boonen"]
[SourceDate "2015.01.01"]

1. d4 Nf6 2. c4 Nc6 3. Nc3 e5 4. d5 Ne7 5. e4 Ng6 6. Bg5 h6 7. Be3 Bb4 8. f3
Bxc3+ 9. bxc3 d6 10. c5 Bd7 11. Qb3 b6 12. c6 Bc8 13. Bb5 O-O 14. Ne2 Ne8 15.
a4 a5 16. Bd3 f5 17. Kd2 Nh4 18. Rhg1 Nf6 19. Bf2 fxe4 20. Bxh4 exd3 21. Ng3
Ne4+ 22. Nxe4 Qxh4 23. Qb1 Qxh2 24. Qxd3 Bf5 25. Qe2 Bxe4 26. Qxe4 Qf4+ 27. Qe3
Rf7 28. Kd3 Qxe3+ 29. Kxe3 Raf8 30. c4 g5 31. Rac1 Kg7 32. Ke2 Kg6 33. Rc3 h5
34. g4 hxg4 35. Rxg4 Rh8 36. Kf2 Rh2+ 37. Rg2 Rxg2+ 38. Kxg2 Rf4 39. Kg3 Kf5
40. Kg2 Rd4 41. Rc2 Kf4 42. Rc3 Rd2+ 43. Kf1 Ra2 44. c5 bxc5 45. Rxc5 dxc5 46.
d6 Rh2 47. d7 Rh8 48. Ke2 e4 49. fxe4 Kxe4 0-1

[Event "LK jeugd t/m 20 jaar"]
[Site "Buggenum"]
[Date "2007.12.28"]
[Round "4"]
[White "Faassen, Guido"]
[Black "Van Vliembergen, Marina"]
[Result "1-0"]
[WhiteElo "1656"]
[BlackElo "1749"]
[PlyCount "41"]
[EventDate "2007.12.27"]
[EventType "swiss"]
[EventRounds "7"]
[EventCountry "NED"]
[Source "P.Boonen"]
[SourceDate "2015.01.01"]

1. e4 e6 2. d4 d5 3. Nc3 Nf6 4. Bg5 Be7 5. e5 Nfd7 6. h4 O-O 7. Bd3 f5 8. g4
Nb6 9. Qf3 Nc6 10. Nce2 Nb4 11. gxf5 Nxd3+ 12. Qxd3 Rxf5 13. Ng3 Rf8 14. Nh3
Bd7 15. O-O-O a6 16. Nh5 Be8 17. N5f4 Bf7 18. Rdg1 g6 19. Bh6 Re8 20. Nxg6 Bxg6
21. Rxg6+ 1-0

[Event "LK jeugd t/m 20 jaar"]
[Site "Buggenum"]
[Date "2007.12.28"]
[Round "4"]
[White "Nabuurs, Mart"]
[Black "Clevers, Egbert"]
[Result "1/2-1/2"]
[WhiteElo "2132"]
[BlackElo "1946"]
[PlyCount "92"]
[EventDate "2007.12.27"]
[EventType "swiss"]
[EventRounds "7"]
[EventCountry "NED"]
[Source "P.Boonen"]
[SourceDate "2015.01.01"]

1. e4 Nc6 2. Nc3 d6 3. Nf3 a6 4. d3 g6 5. Be3 Bg7 6. Qd2 b5 7. g3 h5 8. h3 Nf6
9. Bg2 Bb7 10. O-O Nd7 11. Nh2 Nb6 12. f4 Qd7 13. Rab1 Nd4 14. Ne2 c5 15. c3
Nc6 16. b4 Na4 17. d4 cxb4 18. cxb4 Na7 19. d5 Nc8 20. Bd4 Bxd4+ 21. Qxd4 Rg8
22. e5 Qc7 23. Kh1 Qc2 24. Rbc1 Qxa2 25. Rc7 Rb8 26. exd6 exd6 27. Nf3 Qxd5 28.
Qe3+ Qe6 29. Qd2 Kd8 30. Ng5 Bxg2+ 31. Kxg2 Kxc7 32. Nxe6+ fxe6 33. Rc1+ Kb7
34. Nd4 Nab6 35. Nxe6 Nc4 36. Qd5+ Ka7 37. Qg5 N8b6 38. Ra1 Nd5 39. Nd4 Kb6 40.
Nc2 Rge8 41. Qxd5 Re2+ 42. Kg1 Rxc2 43. Qd4+ Kc7 44. Rxa6 Rc1+ 45. Kf2 Rc2+ 46.
Kg1 Rc1+ 1/2-1/2

[Event "LK jeugd t/m 20 jaar"]
[Site "Buggenum"]
[Date "2007.12.29"]
[Round "5"]
[White "Clevers, Egbert"]
[Black "Bachaus, Sander"]
[Result "1-0"]
[WhiteElo "1946"]
[BlackElo "1693"]
[PlyCount "53"]
[EventDate "2007.12.27"]
[EventType "swiss"]
[EventRounds "7"]
[EventCountry "NED"]
[Source "P.Boonen"]
[SourceDate "2015.01.01"]

1. Nf3 g6 2. Nc3 Bg7 3. b3 Nf6 4. Bb2 c5 5. Ne4 b6 6. Nxf6+ exf6 7. d4 O-O 8.
dxc5 bxc5 9. Qd5 Qc7 10. O-O-O Bb7 11. Qd6 Qxd6 12. Rxd6 Rd8 13. Bxf6 Bxf6 14.
Rxf6 d5 15. Ne5 Rf8 16. e3 Kg7 17. Rd6 f6 18. Nd7 Rd8 19. Nxf6 Rf8 20. Nxd5
Bxd5 21. Rxd5 Rxf2 22. Rxc5 a5 23. Rc8 a4 24. bxa4 Rxa4 25. Rxb8 Rxa2 26. Bd3
Ra1+ 27. Rb1 1-0

[Event "LK jeugd t/m 20 jaar"]
[Site "Buggenum"]
[Date "2007.12.29"]
[Round "5"]
[White "De la Fonteijne, Frederik"]
[Black "Belle, Prahlada"]
[Result "0-1"]
[WhiteElo "1346"]
[BlackElo "1848"]
[PlyCount "114"]
[EventDate "2007.12.27"]
[EventType "swiss"]
[EventRounds "7"]
[EventCountry "NED"]
[Source "P.Boonen"]
[SourceDate "2015.01.01"]

1. d4 Nf6 2. c4 e6 3. Nc3 Bb4 4. Bd2 b6 5. e3 Bb7 6. Nf3 O-O 7. Bd3 d6 8. Qc2
Nbd7 9. O-O-O c5 10. a3 Bxc3 11. Bxc3 Qc7 12. Rhg1 Rac8 13. Ng5 h6 14. Nf3 Rfe8
15. h4 Ng4 16. Ne1 cxd4 17. exd4 e5 18. d5 Ngf6 19. a4 Nc5 20. Bf5 Rcd8 21. g4
Bc8 22. Bd2 Bxf5 23. gxf5 Kf8 24. Nd3 Nxd3+ 25. Qxd3 e4 26. Qg3 Qxc4+ 27. Kb1
Qd3+ 28. Ka1 Qxg3 29. fxg3 Nxd5 30. Bxh6 gxh6 31. Rxd5 e3 32. f6 Re6 33. Re1
Rde8 34. Rd3 Kg8 35. h5 e2 36. Rd2 d5 37. Ka2 d4 38. Rxd4 Rxf6 39. Rf4 Rxf4 40.
gxf4 Kg7 41. Kb1 Kf6 42. Kc2 Kf5 43. Kd2 Kxf4 44. Rh1 e1=Q+ 45. Rxe1 Rxe1 46.
Kxe1 f5 47. Kf2 Kg5 48. b4 Kxh5 49. b5 Kg4 50. a5 bxa5 51. Ke3 f4+ 52. Kd4 f3
53. Kc5 f2 54. Kc6 f1=Q 55. Kb7 Qxb5+ 56. Ka8 a4 57. Kxa7 a3 0-1

[Event "LK jeugd t/m 20 jaar"]
[Site "Buggenum"]
[Date "2007.12.29"]
[Round "5"]
[White "Faassen, Guido"]
[Black "Vossen, Martijn"]
[Result "1-0"]
[WhiteElo "1656"]
[BlackElo "1571"]
[PlyCount "27"]
[EventDate "2007.12.27"]
[EventType "swiss"]
[EventRounds "7"]
[EventCountry "NED"]
[Source "P.Boonen"]
[SourceDate "2015.01.01"]

1. e4 g6 2. d4 Bg7 3. Nc3 d6 4. Bc4 Nf6 5. Qe2 Nc6 6. Nf3 Nxe4 7. Qxe4 Bf5 8.
Qe2 Bxd4 9. O-O Bg4 10. Bxf7+ Kf8 11. Be6 Bxe6 12. Qxe6 Kg7 13. Ng5 Rf8 14. Qh3
1-0

[Event "LK jeugd t/m 20 jaar"]
[Site "Buggenum"]
[Date "2007.12.29"]
[Round "5"]
[White "Van Vliembergen, Roland"]
[Black "Nabuurs, Mart"]
[Result "1/2-1/2"]
[WhiteElo "1729"]
[BlackElo "2132"]
[PlyCount "65"]
[EventDate "2007.12.27"]
[EventType "swiss"]
[EventRounds "7"]
[EventCountry "NED"]
[Source "P.Boonen"]
[SourceDate "2015.01.01"]

1. e4 Nc6 2. d4 d5 3. e5 Bf5 4. Be2 e6 5. c3 Qd7 6. h4 h6 7. Nd2 Nce7 8. Nf1 c5
9. Be3 Nc6 10. g4 Bg6 11. Ng3 cxd4 12. Bxd4 f6 13. f4 Qc7 14. Nf3 O-O-O 15. Bd3
Bf7 16. O-O g5 17. Qd2 gxf4 18. Qxf4 Bg7 19. Rae1 Be8 20. Kg2 Nge7 21. Qe3 fxe5
22. Bxe5 Bxe5 23. Nxe5 Nxe5 24. Qxe5 Qxe5 25. Rxe5 Bd7 26. Rf6 Rdf8 27. Nh5
Rhg8 28. g5 hxg5 29. Rxf8+ Rxf8 30. Rxg5 Rh8 31. Kg3 Nc6 32. Nf6 Nd8 33. Rg8
1/2-1/2

[Event "LK jeugd t/m 20 jaar"]
[Site "Buggenum"]
[Date "2007.12.29"]
[Round "6"]
[White "Belle, Prahlada"]
[Black "Faassen, Guido"]
[Result "0-1"]
[WhiteElo "1848"]
[BlackElo "1656"]
[PlyCount "120"]
[EventDate "2007.12.27"]
[EventType "swiss"]
[EventRounds "7"]
[EventCountry "NED"]
[Source "P.Boonen"]
[SourceDate "2015.01.01"]

1. e4 d5 2. exd5 Qxd5 3. Nc3 Qa5 4. Bc4 Nf6 5. h3 e5 6. d3 c6 7. Nf3 Bd6 8. Bd2
Qc7 9. Qe2 O-O 10. Ng5 Bf5 11. Nce4 Bxe4 12. Nxe4 Nxe4 13. Qxe4 Nd7 14. g4 Nf6
15. Qg2 Kh8 16. O-O-O b5 17. Bb3 a5 18. c3 a4 19. Bc2 Rfb8 20. Bg5 Ne8 21. Bb1
b4 22. c4 b3 23. a3 f6 24. Bd2 Qe7 25. Bc3 Bxa3 26. bxa3 Qxa3+ 27. Kd2 b2 28.
Bc2 Qc5 29. Bb1 Ra6 30. g5 f5 31. f3 Rab6 32. Qe2 Rb3 33. Bxe5 Rd8 34. Bc2 Qa5+
35. Ke3 Qxe5+ 36. Kf2 Qxe2+ 37. Kxe2 Rb4 38. Bb1 c5 39. h4 Kg8 40. h5 Kf8 41.
g6 h6 42. Rh4 Ke7 43. Kd2 Kf6 44. Kc2 Kg5 45. Rdh1 a3 46. Ba2 Nc7 47. Kc3 f4
48. Rg4+ Kf5 49. Bb1 Rd4 50. Re1 Ne6 51. Rg2 Ra4 52. Kb3 Ra6 53. Rd1 Kf6 54.
Ba2 Rd7 55. Kc3 Nd4 56. Rf1 Nc6 57. Rg4 Rd4 58. Rg2 Nb4 59. Bb1 a2 60. Bxa2
Rxa2 0-1

[Event "LK jeugd t/m 20 jaar"]
[Site "Buggenum"]
[Date "2007.12.29"]
[Round "6"]
[White "Nabuurs, Mart"]
[Black "De la Fonteijne, Frederik"]
[Result "1-0"]
[WhiteElo "2132"]
[BlackElo "1346"]
[PlyCount "39"]
[EventDate "2007.12.27"]
[EventType "swiss"]
[EventRounds "7"]
[EventCountry "NED"]
[Source "P.Boonen"]
[SourceDate "2015.01.01"]

1. e4 e6 2. Nf3 d5 3. e5 c5 4. b4 b6 5. c3 c4 6. d3 b5 7. a4 cxd3 8. axb5 d4 9.
Nxd4 Bxb4 10. Qxd3 Bc5 11. Ba3 Bb6 12. Qe4 Ne7 13. Qxa8 Nd5 14. Qxb8 Nxc3 15.
Nxc3 Bxd4 16. O-O-O Qg5+ 17. Kc2 Qf5+ 18. Kb3 f6 19. Qxc8+ Kf7 20. Qd7+ 1-0

[Event "LK jeugd t/m 20 jaar"]
[Site "Buggenum"]
[Date "2007.12.29"]
[Round "6"]
[White "Van Vliembergen, Marina"]
[Black "Vossen, Martijn"]
[Result "1-0"]
[WhiteElo "1749"]
[BlackElo "1571"]
[PlyCount "51"]
[EventDate "2007.12.27"]
[EventType "swiss"]
[EventRounds "7"]
[EventCountry "NED"]
[Source "P.Boonen"]
[SourceDate "2015.01.01"]

1. e4 g6 2. d4 Bg7 3. Nf3 d6 4. Bf4 Nf6 5. Nc3 O-O 6. Bc4 Nfd7 7. O-O Nc6 8.
Re1 Nxd4 9. Nxd4 Bxd4 10. Qxd4 e5 11. Qe3 exf4 12. Qxf4 Ne5 13. Bb3 Kg7 14.
Rad1 f5 15. Re3 g5 16. Rg3 Ng4 17. Qf3 fxe4 18. Qxe4 Nxf2 19. Qd4+ Kh6 20. Rf1
Rf4 21. Qd2 Ne4 22. Nxe4 Rxe4 23. Bd5 Re5 24. Rf7 Qe8 25. h4 Rxd5 26. Qxd5 1-0

[Event "LK jeugd t/m 20 jaar"]
[Site "Buggenum"]
[Date "2007.12.29"]
[Round "6"]
[White "Van Vliembergen, Roland"]
[Black "Clevers, Egbert"]
[Result "0-1"]
[WhiteElo "1729"]
[BlackElo "1946"]
[PlyCount "70"]
[EventDate "2007.12.27"]
[EventType "swiss"]
[EventRounds "7"]
[EventCountry "NED"]
[Source "P.Boonen"]
[SourceDate "2015.01.01"]

1. e4 Nc6 2. d4 e5 3. Nf3 Nf6 4. Bg5 h6 5. dxe5 hxg5 6. exf6 Qxf6 7. Nc3 Bb4 8.
Qd2 g4 9. Ng1 Bxc3 10. Qxc3 Qxc3+ 11. bxc3 b6 12. Ne2 Bb7 13. O-O-O O-O-O 14.
Ng3 g6 15. Kd2 d5 16. Ke3 dxe4 17. Rxd8+ Nxd8 18. Kf4 Ne6+ 19. Ke5 Nc5 20. Bc4
f5 21. Kf6 f4 22. Nf1 e3 23. fxe3 Bxg2 24. Rg1 Bxf1 25. Rxf1 fxe3 26. Re1 Rxh2
27. Rxe3 Rxc2 28. Kxg6 Rf2 29. Bd5 Kd7 30. Kg5 Kd6 31. Bh1 Rh2 32. Be4 Nxe4+
33. Rxe4 Rxa2 34. Kxg4 Rf2 35. Kg3 Rf8 0-1

[Event "LK jeugd t/m 20 jaar"]
[Site "Buggenum"]
[Date "2007.12.30"]
[Round "7"]
[White "Belle, Prahlada"]
[Black "Van Vliembergen, Marina"]
[Result "1-0"]
[WhiteElo "1848"]
[BlackElo "1749"]
[PlyCount "49"]
[EventDate "2007.12.27"]
[EventType "swiss"]
[EventRounds "7"]
[EventCountry "NED"]
[Source "P.Boonen"]
[SourceDate "2015.01.01"]

1. e4 e6 2. Nf3 d5 3. e5 c5 4. b4 Qb6 5. bxc5 Bxc5 6. d4 Be7 7. Bd3 Nc6 8. O-O
f6 9. c3 Bd7 10. Qc2 f5 11. Qe2 Bd8 12. Na3 a6 13. Rb1 Qc7 14. c4 Nge7 15. Bg5
O-O 16. Rfc1 Qb8 17. cxd5 Nxd5 18. Bxd8 Nxd8 19. Bc4 Nf4 20. Qe3 Ng6 21. Rb6
Bc6 22. Ng5 Re8 23. Bxe6+ Nxe6 24. Rcxc6 f4 25. Qb3 1-0

[Event "LK jeugd t/m 20 jaar"]
[Site "Buggenum"]
[Date "2007.12.30"]
[Round "7"]
[White "De la Fonteijne, Frederik"]
[Black "Van Vliembergen, Roland"]
[Result "0-1"]
[WhiteElo "1346"]
[BlackElo "1729"]
[PlyCount "38"]
[EventDate "2007.12.27"]
[EventType "swiss"]
[EventRounds "7"]
[EventCountry "NED"]
[Source "P.Boonen"]
[SourceDate "2015.01.01"]

1. d4 Nf6 2. c4 e6 3. Nc3 d5 4. c5 b6 5. b4 a5 6. Ba3 axb4 7. Bxb4 Na6 8. a3
bxc5 9. dxc5 Bxc5 10. Qa4+ Bd7 11. Qa5 Nxb4 12. Qxc5 Nc2+ 13. Kd1 Nxa1 14. Nf3
Nb3 15. Qb4 Rb8 16. Qf4 Nc5 17. Ne5 Nce4 18. Nxe4 dxe4 19. g4 Ba4+ 0-1

[Event "LK jeugd t/m 20 jaar"]
[Site "Buggenum"]
[Date "2007.12.30"]
[Round "7"]
[White "Nabuurs, Mart"]
[Black "Faassen, Guido"]
[Result "1-0"]
[WhiteElo "2132"]
[BlackElo "1656"]
[PlyCount "102"]
[EventDate "2007.12.27"]
[EventType "swiss"]
[EventRounds "7"]
[EventCountry "NED"]
[Source "P.Boonen"]
[SourceDate "2015.01.01"]

1. e4 Nc6 2. d4 d5 3. e5 Bf5 4. Nf3 e6 5. Bg5 f6 6. exf6 gxf6 7. Bh4 Qd7 8. Nc3
Bh6 9. Bb5 a6 10. Ba4 Bg7 11. Qe2 Nge7 12. Bg3 Bg4 13. Ne5 Bxe2 14. Nxd7 Bg4
15. Nc5 b6 16. Bxc6+ Nxc6 17. Nb3 O-O-O 18. a3 e5 19. dxe5 fxe5 20. f3 Bf5 21.
O-O-O Nd4 22. Nxd4 exd4 23. Ne2 c5 24. Bf2 Rhe8 25. Rhe1 Bh6+ 26. Kb1 Kd7 27.
Bh4 Rc8 28. g4 Bg6 29. f4 Be4 30. g5 Bf8 31. Ng3 Bd6 32. Nh5 Kc6 33. Rf1 Bf5
34. Ng7 Rf8 35. Rde1 d3 36. Bg3 dxc2+ 37. Kc1 c4 38. Nxf5 Rxf5 39. Kxc2 Kd7 40.
Re2 Re8 41. Ref2 Bc5 42. Rf3 Re2+ 43. Kb1 Bd4 44. b3 c3 45. Bf2 Rb2+ 46. Ka1
Bg7 47. Be1 Rxb3 48. Ka2 Rb2+ 49. Ka1 d4 50. Rd3 Kd6 51. Rff3 Rfb5 1-0

[Event "LK jeugd t/m 20 jaar"]
[Site "Buggenum"]
[Date "2007.12.30"]
[Round "7"]
[White "Vossen, Martijn"]
[Black "Bachaus, Sander"]
[Result "1/2-1/2"]
[WhiteElo "1571"]
[BlackElo "1693"]
[PlyCount "81"]
[EventDate "2007.12.27"]
[EventType "swiss"]
[EventRounds "7"]
[EventCountry "NED"]
[Source "P.Boonen"]
[SourceDate "2015.01.01"]

1. g3 Nf6 2. Bg2 g6 3. Nf3 Bg7 4. O-O O-O 5. d3 c6 6. c3 d5 7. Bf4 Nbd7 8. Nbd2
Nh5 9. Be3 e5 10. d4 e4 11. Ne1 f5 12. f3 Nb6 13. fxe4 fxe4 14. Rxf8+ Qxf8 15.
c4 Qe7 16. c5 Nd7 17. b4 Ndf6 18. Bg5 h6 19. Bxf6 Bxf6 20. e3 Be6 21. Nc2 Qd7
22. Qf1 Rf8 23. Qe1 Bh3 24. Qe2 Bg5 25. Rf1 Rxf1+ 26. Qxf1 Bxg2 27. Kxg2 Qg4
28. Nb3 Bd8 29. a4 Bc7 30. Qf2 Kg7 31. a5 Qd1 32. Nba1 b6 33. axb6 axb6 34. Nb3
b5 35. Nba1 Qg4 36. Nb3 g5 37. Nd2 Nf6 38. Nf1 h5 39. Ne1 h4 40. Kg1 Nh5 41.
Kg2 1/2-1/2